Statistics for American States By Order of Admission

Click here to take the quiz!

General Stats

  • This quiz has been taken 650 times
  • The average score is 40 of 50

Answer Stats

Date AdmittedState% Correct
December 7,1787DDelaware
99%
December 12, 1787PPennsylvania
98%
January 2, 1788GGeorgia
97%
January 9, 1788CConnecticut
95%
June 1, 1792KKentucky
94%
December 18, 1787NNew Jersey
94%
March 1, 1803OOhio
94%
May 23, 1788SSouth Carolina
94%
June 25, 1788VVirginia
94%
February 6, 1788MMassachusetts
93%
May 29, 1790RRhode Island
92%
March 4, 1791VVermont
92%
December 10, 1816IIndiana
91%
April 28, 1788MMaryland
91%
June 26, 1788NNew York
91%
April 30, 1812LLouisiana
90%
June 21, 1788NNew Hampshire
90%
June 1, 1796TTennessee
90%
November 21, 1788NNorth Carolina
89%
December 14, 1819AAlabama
86%
March 13, 1845FFlorida
86%
December 3, 1818IIllinois
85%
December 29, 1845TTexas
83%
May 29, 1848WWisconsin
82%
June 15, 1836AArkansas
81%
December 28, 1846IIowa
81%
January 29, 1861KKansas
79%
December 10, 1817MMississippi
78%
August 21, 1959HHawaii
77%
January 3, 1959AAlaska
76%
February 14, 1859OOregon
76%
August 10, 1821MMissouri
75%
September 9, 1850CCalifornia
74%
January 4, 1896UUtah
73%
March 15, 1820MMaine
72%
January 26, 1837MMichigan
70%
August 1, 1876CColorado
69%
June 20, 1863WWest Virginia
69%
July 10, 1890WWyoming
68%
July 3, 1890IIdaho
67%
November 2, 1889SSouth Dakota
67%
November 11, 1889WWashington
67%
February 14, 1912AArizona
66%
November 2, 1889NNorth Dakota
66%
January 6, 1912NNew Mexico
65%
November 16, 1907OOklahoma
65%
November 8, 1889MMontana
63%
May 11, 1858MMinnesota
62%
March 1, 1867NNebraska
62%
October 31, 1864NNevada
62%

Score Distribution

Percentile by Number Answered

Percent of People with Each Score

Your Score History

You have not taken this quiz